| 000 | 00616cam a22002171 4500 | ||
|---|---|---|---|
| 001 | 85123 | ||
| 003 | BD-RjUL | ||
| 005 | 20250705152905.0 | ||
| 008 | 250603s1871 stkc 000 0 eng | ||
| 035 | _a(BD-RjUL)85123 | ||
| 040 |
_aDLC _cOCU _dOCU _dDLC _beng |
||
| 041 | _aeng | ||
| 082 |
_a827.09 _bWoC 1952 |
||
| 100 | 1 |
_aWodehouse, P.G. _d1825-1890. _915895 |
|
| 245 | 0 | 2 |
_aA century of Scottish Humour / _cP.G. Wodehouse |
| 260 |
_aLondon :, _bHutchinson, _c1952 |
||
| 300 |
_a1024 p. _bport. _c 22 cm |
||
| 650 | 0 |
_aScottish wit and humor. _915896 |
|
| 942 |
_2ddc _cBK |
||
| 999 |
_c85123 _d85123 |
||